000 01012cam a2200265 a 4500
001 000024506
005 20250310114315.0
008 850726s1975 mx 000 | spa d
040 _aDO-SdBNP
_bspa
_cBNPHU
041 1 7 _aeng
_hspa
_2Código de idioma MARC
082 _a613
_bD817e
100 1 _aDubos, René
_950219
240 1 0 _aMirage of health : utopias, progress and biological change.
_lEspañol
245 1 3 _aEl espejismo de la salud :
_butopías, progreso y cambio biológico /
_cRené Dubos ; traducción José Ramón Pérez Lías.
260 _aMéxico, D. F. :
_bFondo de Cultura Económica,
_c1975.
300 _a309 p. ;
_c17 cm..
490 1 _aPopular
_v146
534 _aTítulo original :
_tMirage of health : utopias, progress and biological change.
650 4 _aPromoción de la salud
_926697
650 0 _aPlanificación de la salud
_91345
650 4 _aPolítica médica
_950220
700 1 _aPérez Lías, José Ramón,
_etr.
_950221
830 0 _aPopular;
_v146
_913374
049 _aBNGR
999 _c23999
_d23999